[Event "GRE ESSPEP-ch 12th"]
[Site "Kalamata"]
[Date "2016.04.27"]
[Round "4"]
[White "Avdouli, Evangelia"]
[Black "Vlahopoulos, Panagiotis"]
[Result "0-1"]
[WhiteElo "1662"]
[BlackElo "1540"]
[PlyCount "108"]
[EventDate "2016.04.25"]
[EventType "swiss"]
[EventRounds "5"]
[EventCountry "GRE"]
[SourceTitle "EXT 2024"]
[Source "ChessBase"]
[SourceDate "2023.10.10"]
[SourceVersion "1"]
[SourceVersionDate "2023.10.10"]
[SourceQuality "1"]

1. e4 e6 2. d4 d5 3. e5 c5 4. Nf3 cxd4 5. Qxd4 Ne7 6. Nc3 Nec6 7. Bb5 Nd7 8. Bxc6 bxc6 9. Bf4 Qa5 10. 0-0 c5 11. Qd1 Be7 12. Re1 0-0 13. Ne2 Rb8 14. b3 Bb7 15. Ng3 Rfc8 16. c4 Rd8 17. cxd5 Bxd5 18. Qd2 Qb6 19. Qe3 c4 20. Qxb6 Nxb6 21. Nd2 Bb4 22. Re2 Bc3 23. Rb1 Bxd2 24. Bxd2 cxb3 25. axb3 Nc4 26. Be1 Na3 27. Ra1 Rxb3 28. Ba5 Rdb8 29. h3 a6 30. Nf1 Bc4 31. Rd2 Bb5 32. Ne3 h6 33. Bc7 Rc8 34. Bd6 Nc4 35. Nxc4 Rxc4 36. Raa2 Rbc3 37. Kh2 Rc8 38. Ra3 R3c6 39. f4 Rc4 40. g3 Rc2 41. Ra2 R2c4 42. Ra3 f6 43. h4 Kf7 44. Raa2 h5 45. Ra3 Rc2 46. Ra2 R2c3 47. Ra1 Kg6 48. Raa2 Kf5 49. Kh3 Bf1+ 50. Kh2 Kg4 51. exf6 gxf6 52. Ra3 Rxa3 53. Bxa3 Rc3 54. Be7 f5 0-1

[Event "GRE ESSPEP-ch 12th"]
[Site "Kalamata"]
[Date "2016.04.25"]
[Round "1"]
[White "Drousias, Ioannis"]
[Black "Avdouli, Evangelia"]
[Result "1-0"]
[WhiteElo "1460"]
[BlackElo "1662"]
[PlyCount "116"]
[EventDate "2016.04.25"]
[EventType "swiss"]
[EventRounds "5"]
[EventCountry "GRE"]
[SourceTitle "EXT 2024"]
[Source "ChessBase"]
[SourceDate "2023.10.10"]
[SourceVersion "1"]
[SourceVersionDate "2023.10.10"]
[SourceQuality "1"]

1. Nf3 d5 2. g3 Nf6 3. Bg2 e6 4. c4 c6 5. Nc3 Nbd7 6. d4 Bb4 7. 0-0 0-0 8. a3 Bd6 9. c5 Bc7 10. Re1 e5 11. Nxe5 Nxe5 12. dxe5 Bxe5 13. Qc2 Re8 14. Bd2 Bg4 15. e4 d4 16. Nd1 Qd7 17. f4 d3 18. Qc1 Bc7 19. Nf2 Be2 20. Qc3 Rad8 21. Rac1 Nh5 22. Bh3 Qd4 23. Qxd4 Rxd4 24. Bf1 Red8 25. Bxe2 dxe2 26. Be3 R4d7 27. Rxe2 Nf6 28. Kf1 Re8 29. Bd2 h5 30. Rce1 Rde7 31. e5 Nd7 32. Ne4 Rd8 33. b4 Nf8 34. Bc3 Ng6 35. Rd2 Rde8 36. Red1 h4 37. Kf2 hxg3+ 38. hxg3 f6 39. Nd6 Rf8 40. exf6 gxf6 41. Nxb7 Bxf4 42. Nd6 Bxd2 43. Rxd2 Ne5 44. Nf5 Rh7 45. Rd6 Rd7 46. Bxe5 Rxd6 47. Bxd6 Rd8 48. Ne7+ Kf7 49. Nxc6 Rd7 50. Kf3 Ke6 51. Ke4 f5+ 52. Kf4 Rg7 53. Nd4+ Kd5 54. Nxf5 Rh7 55. b5 Kc4 56. c6 Kxb5 57. c7 Rh8 58. Ne7 Kb6 1-0

[Event "GRE ESSPEP-ch"]
[Site "Peloponnisos"]
[Date "2014.03.21"]
[Round "1"]
[White "Dimitropoulos, Vasilios"]
[Black "Avdouli, Evangelia"]
[Result "1-0"]
[WhiteElo "1565"]
[BlackElo "1721"]
[PlyCount "66"]
[EventDate "2014.03.21"]
[EventType "swiss"]
[EventRounds "5"]
[EventCountry "GRE"]
[SourceTitle "EXT 2024"]
[Source "ChessBase"]
[SourceDate "2023.10.10"]
[SourceVersion "1"]
[SourceVersionDate "2023.10.10"]
[SourceQuality "1"]

1. d4 d5 2. Nf3 e6 3. Bg5 Nf6 4. e3 Nbd7 5. c4 c6 6. Nbd2 Qa5 7. a3 c5 8. dxc5 Qxc5 9. b4 Qc7 10. c5 Be7 11. Bb5 0-0 12. 0-0 Ne5 13. Bf4 Nxf3+ 14. Nxf3 Qd8 15. c6 Bd6 16. cxb7 Bxb7 17. Ne5 Qb6 18. Ba4 Rfd8 19. Rc1 Rac8 20. Rxc8 Rxc8 21. Qa1 Qc7 22. Nd3 Bxf4 23. Nxf4 Ne4 24. Ne2 Qb6 25. Rc1 Nd6 26. Rxc8+ Nxc8 27. Qc3 Nd6 28. Nf4 Ne4 29. Qe5 Ba6 30. Nh5 f6 31. Qf4 e5 32. Qg4 Qc7 33. Qe6+ Kf8 1-0

[Event "ESSPEP-chT"]
[Site "Kalamata"]
[Date "2010.??.??"]
[Round "2"]
[White "Avdouli, Evangelia"]
[Black "Yordanova, Svetla"]
[Result "0-1"]
[WhiteElo "1816"]
[BlackElo "2207"]
[PlyCount "66"]
[EventDate "2010.02.26"]
[EventType "team-tourn"]
[EventRounds "5"]
[EventCountry "GRE"]
[SourceTitle "CBM 135 Extra"]
[Source "ChessBase"]
[SourceDate "2010.05.04"]
[SourceVersion "1"]
[SourceVersionDate "2010.05.04"]
[SourceQuality "1"]

1. f4 Nf6 2. e3 g6 3. b3 Bg7 4. Bb2 0-0 5. Nf3 d6 6. Be2 c5 7. 0-0 Nc6 8. c4 a5 9. Nc3 Ne4 10. Rb1 Nxc3 11. Bxc3 d5 12. Bxg7 Kxg7 13. cxd5 Qxd5 14. Qc1 b6 15. Bc4 Qd6 16. h3 Bf5 17. Ra1 Rad8 18. a3 Bd3 19. Re1 f6 20. g4 Be4 21. Rf1 Bxf3 22. Rxf3 Qxd2 23. Qxd2 Rxd2 24. e4 Rfd8 25. Bd5 Nd4 26. Rf2 Rxf2 27. Kxf2 e6 28. Bc4 b5 29. Bf1 Nxb3 30. Rb1 c4 31. a4 b4 32. Bxc4 Nd2 33. Rc1 Rc8 0-1

[Event "GRE ESSPEP-ch"]
[Site "Greece"]
[Date "2008.03.22"]
[Round "3"]
[White "Avdouli, Evangelia"]
[Black "Hrisafis, Argirios"]
[Result "0-1"]
[WhiteElo "1853"]
[BlackElo "1939"]
[PlyCount "84"]
[EventDate "2008.03.21"]
[EventType "swiss"]
[EventRounds "5"]
[EventCountry "GRE"]
[SourceTitle "EXT 2024"]
[Source "ChessBase"]
[SourceDate "2023.10.10"]
[SourceVersion "1"]
[SourceVersionDate "2023.10.10"]
[SourceQuality "1"]

1. f4 d5 2. e3 c5 3. Nf3 Nc6 4. b3 Nf6 5. Bb2 e6 6. Bd3 a6 7. a3 b5 8. 0-0 c4 9. Be2 Bd6 10. Qe1 cxb3 11. cxb3 Bd7 12. Bd3 Rc8 13. Qh4 Be7 14. Qg3 Rg8 15. Nc3 b4 16. axb4 Nxb4 17. Bb1 Nh5 18. Qh3 g6 19. Ne5 Nf6 20. Rf3 Bc6 21. Rg3 d4 22. Ne4 Bxe4 23. Bxe4 dxe3 24. dxe3 Qd2 25. Nc4 Rxc4 26. bxc4 Qxb2 27. Rb1 Qd2 28. Bb7 h5 29. Rf3 Ng4 30. Qg3 a5 31. h3 Nxe3 32. f5 Nxf5 33. Qb8+ Qd8 34. Qe5 Qd4+ 35. Qxd4 Nxd4 36. Ra3 Bd8 37. c5 Ke7 38. Kf2 Bc7 39. Rc1 Rb8 40. c6 Kd6 41. Rac3 e5 42. Ke3 Nd5+ 0-1

[Event "GRE ESSPEP-ch"]
[Site "Greece"]
[Date "2008.03.21"]
[Round "1"]
[White "Avdouli, Evangelia"]
[Black "Lili Kokkori, Maria"]
[Result "1-0"]
[WhiteElo "1853"]
[BlackElo "1005"]
[PlyCount "83"]
[EventDate "2008.03.21"]
[EventType "swiss"]
[EventRounds "5"]
[EventCountry "GRE"]
[SourceTitle "EXT 2024"]
[Source "ChessBase"]
[SourceDate "2023.10.10"]
[SourceVersion "1"]
[SourceVersionDate "2023.10.10"]
[SourceQuality "1"]

1. e4 e5 2. Nf3 Nc6 3. Bb5 Nf6 4. 0-0 Bc5 5. c3 a5 6. Qe2 d6 7. Bxc6+ bxc6 8. d4 Bb6 9. dxe5 dxe5 10. Nxe5 0-0 11. Bg5 Re8 12. Nf3 Rxe4 13. Qxe4 Nxe4 14. Bxd8 Bxf2+ 15. Rxf2 Nxf2 16. Kxf2 Ba6 17. Bxc7 Bb7 18. Nbd2 c5 19. Rd1 h6 20. Nc4 a4 21. Rd8+ Kh7 22. Rxa8 Bxa8 23. Bb6 Bd5 24. Nfd2 g5 25. Bxc5 Kg7 26. b3 axb3 27. axb3 Kg6 28. b4 Kh5 29. Ne5 f6 30. Nef3 g4 31. Nd4 Kg5 32. b5 Kh4 33. b6 h5 34. Bd6 Kg5 35. c4 Ba8 36. c5 h4 37. c6 h3 38. gxh3 Bxc6 39. Nxc6 gxh3 40. b7 Kg4 41. b8Q f5 42. Qg8+ 1-0